| 000 | 00869nam a22002657a 4500 | ||
|---|---|---|---|
| 003 | CBULib | ||
| 005 | 20231121084437.0 | ||
| 008 | 230503b |||||||| |||| 00| 0 eng d | ||
| 020 | _a9781498745574 | ||
| 040 |
_aCBULib _cCBULib _bEnglish _erda |
||
| 041 | _aeng | ||
| 050 | _aTK 1007 You | ||
| 100 | 1 |
_aYousef, Hassan A. _9288 |
|
| 245 |
_aPower system load frequency control : classical and adaptive fuzzy approaches _c/ by Hassan A. Yousef |
||
| 260 |
_aFlorida : _bCRC Press, _c2017 |
||
| 300 | _axvii, 232 pages : illustrations | ||
| 336 |
_2rdacontent _aText | _btxt |
||
| 337 |
_2rdamedia _aUnmediated | _bn |
||
| 338 |
_2rdacarrier _aVolume _bnc |
||
| 504 | _aIncludes index. | ||
| 650 | 0 |
_aELECTRIC POWER SYSTEMS--CONTROL _9289 |
|
| 650 | 0 |
_aELECTRIC POWER PLANTS--LOAD _9290 |
|
| 650 | 0 |
_aELECTRIC POWER SYSTEMS--LOAD DISPATCHING _9291 |
|
| 942 |
_c002 _2lcc |
||
| 999 |
_c78242 _d78242 |
||